LEADER 00718oam 2200229z- 450 001 9910141682603321 005 20200415173211.0 035 $a(CKB)2560000000292102 035 $a(EXLCZ)992560000000292102 100 $a20180916c2014uuuu -u- - 101 0 $aita 200 10$aScritti e discorsi vari /$fGiacomo Matteotti ; a cura di Stefano Caretti 210 $aPisa $cPisa University Press$d2013 311 $a88-6741-301-5 311 $a88-6741-365-1 607 $aItaly$xPolitics and government$y1914-1922 700 $aMatteotti$b Giacomo$f1885-1924,$0225527 702 $aCaretti$b Stefano$f1946- 906 $aBOOK 912 $a9910141682603321 996 $aScritti e discorsi vari$91079400 997 $aUNINA